=LDR 00000nam 2200000 4500 =001 INLIS000000000007979 =005 20201217091613 =035 ##$$a 0010-061300000007979 =008 201217################g##########0#ind## =041 ##$$a Ind =082 ##$$a 001.42 =090 ##$$a 001.42, Sud m =100 ##$$a Sudarsno, R.M =245 1#$$a Metodologi penelitian seni pertunjukan dan seni rupa : $b Dengan contoh-contoh untuk tesis dan disertasi /$c RM. Soedarsono ; editor, Tufik Rahzen =260 ##$$a Jakarta :$b Masyarakat Seni Pertunjukan Indonesia,$c 1999 =300 ##$$a xiv, 209 hlm. : $b ilus ; $c 24 x 15,5 cm. =650 #4$$a Metode penelitian =020 ##$$a 979-95773-1-4 =084 ##$$a 001.42 SUD m =250 ##$$a cet. 1 =700 #$$a Tufik Rahzen =520 ##$$a Bibliografi hlm. 199-209 =520 ##$$a Biografi hlm. 211-212 =990 ##$$a 152.140/Pb.2000 =990 ##$$a 152.141/Pb.2000 =990 ##$$a 00092298 =990 ##$$a 152.141/Pb.2000